000 00327 a2200133 4500
001 85589
082 _a891.4393 YAH
090 _c40157
_d40156
100 _aAbu Yahya
245 _aJab Zindagi Shuru Ho Gi ( جب زندگی شروع ہوگی)
250 _a8th
260 _aKarachi
_bAl Dawah
_c2011
300 _a267p.
942 _acaenust
_k891.4393 YAH
999 _c320662
_d320662